Vista normal
Vista MARC
Entrada Nombre personal
Número de registros utilizados en: 1
001 - CONTROL NUMBER
- control field: 35746
003 - CONTROL NUMBER IDENTIFIER
- control field: OSt
005 - DATE AND TIME OF LATEST TRANSACTION
- control field: 20201025085734.0
008 - FIXED-LENGTH DATA ELEMENTS
- fixed length control field: 201025|| aca||aabn | a|a d
040 ## - CATALOGING SOURCE
- Original cataloging agency: OSt
- Transcribing agency: OSt
100 ## - HEADING--PERSONAL NAME
- Personal name: López Vaquero, Lucia
670 ## - SOURCE DATA FOUND
- Source citation: Work cat.: (OSt): López Vaquero, Lucia, Incidencias y proyecciones del Decreto 77 de 1987 en el sector salud agropecuario en el municipio de San Luis de Cubarral, Meta 1988-1992, 1991.

